Statistics for Top 15 Celebrities Born In 1964

Click here to take the quiz!

General Stats

  • This quiz has been taken 115 times
    (73 since last reset)
  • The average score is 8 of 15

Answer Stats

Answer% Correct
Keanu Reeves
90%
Michelle Obama
83%
Nicholas Cage
83%
Sandra Bullock
77%
Jeff Bezos
68%
Courteney Cox
55%
Russell Crowe
52%
Don Cheadle
47%
Lenny Kravitz
40%
Rob Lowe
40%
David Spade
37%
That Vegan Teacher
33%
Patrick Warburton
17%
Lori Loughlin
15%
Matt Dillon
15%

Score Distribution

Percentile by Number Answered

Percent of People with Each Score

Your Score History

You have not taken this quiz since the last reset